01418nam a2200265 a 4500008004100000020001500041050001500056100002400071245005700095250001200152260005800164300003000222350000900252650001300261650004100274995008200315995008200397995008200479995008200561999001700643952012000660952012000780952013200900952012001032120416s1978 ||||||||||||||||| || u a0805395210 aQA 305 Was aWashington, Allyn J10aBasic technical mathematics with calculus. (3rd ed.) a3rd ed. aMenlo Park, Calif. :bBenjamin/Cummings Pub. Coc1978 axvi, 837, [128] p. : ill. a0.00 0aCALCULUS 0aMATHEMATICS--HANDBOOKS, MANUALS, ETC D0.00FCBU-MAIN LIBRARY (Kitwe)H2I31.95M2UAVAILABLEZShort Loan Collection D0.00FCBU-MAIN LIBRARY (Kitwe)H3I31.95M3UAVAILABLEZShort Loan Collection D0.00FCBU-MAIN LIBRARY (Kitwe)H1I31.95M1UAVAILABLEZShort Loan Collection D0.00FCBU-MAIN LIBRARY (Kitwe)H4I31.95M4UAVAILABLEZShort Loan Collection c81041d81041 00102lcc4070a001b001cShort Loan Collectiond2023-07-14l0oQA 305 Wasp020432r2023-07-14t1w2023-07-14y015 00102lcc4070a001b001cShort Loan Collectiond2023-07-14l0oQA 305 Wasp020913r2023-07-14t2w2023-07-14y015 00102lcc4070a001b001cShort Loan Collectiond2023-07-14l1oQA 305 Wasp020304r2025-02-26s2025-02-26t3w2023-07-14y015 00102lcc4070a001b001cShort Loan Collectiond2023-07-14l0oQA 305 Wasp020301r2023-07-14t4w2023-07-14y015